000 01272cam a22002774a 4500
999 _c332157
_d332157
001 13008375
003 NUST
005 20171115154948.0
008 021121s2003 ne a b 001 0 eng
010 _a 2002034547
020 _a0750675071 (alk. paper)
040 _aDLC
_cDLC
_dDLC
042 _apcc
050 0 0 _aTD791
_b.C364 2003
082 0 0 _a628.44 CHE
_221
100 1 _aCheremisinoff, Nicholas P.
_92953
245 1 0 _aHandbook of solid waste management and waste minimization technologies /
_cby Nicholas P. Cheremisinoff.
260 _aAmsterdam ;
_aBoston :
_bButterworth-Heinemann,
_cc2003.
300 _axi, 477 p. :
_bill. ;
_c27 cm.
500 _aH.B
504 _aIncludes bibliographical references and index.
650 0 _aRefuse and refuse disposal.
_94787
650 0 _aWaste minimization.
_96410
856 4 2 _3Publisher description
_uhttp://www.loc.gov/catdir/description/els031/2002034547.html
856 4 1 _3Table of contents
_uhttp://www.loc.gov/catdir/toc/els031/2002034547.html
906 _a7
_bcbc
_corignew
_d1
_eocip
_f20
_gy-gencatlg
942 _2ddc
_cBK
_kIESE